[Event "Oberbayerische Jugend-EM 2012/13  U16"]
[Site "Riedenburg"]
[Date "2013.02.15"]
[Round "1"]
[White "Gauchel, Lorenz"]
[Black "Sommer, Michael"]
[Result "1-0"]
[BlackElo "1276"]
[WhiteElo "1634"]

1.d4 d5 2.Nf3 Nf6 3.c4 e6 4.Nc3 Nc6 5.Bg5 Bb4 6.e3 Bd7 7.Bd3 O-O 8.O-O dxc4 9.Bxc4
Re8 10.Qc2 Rc8 11.Rac1 Bxc3 12.bxc3 h6 13.Bh4 a6 14.a4 Na5 15.Ba2 c5 16.Rfd1 g5 17.Bg3
Nd5 18.Bxd5 exd5 19.dxc5 Be6 20.Bd6 Nc4 21.e4 Nxd6 22.cxd6 Qxd6 23.exd5 Bxd5 24.c4
Qb6 25.Rxd5   1-0

[Event "Oberbayerische Jugend-EM 2012/13  U16"]
[Site "Riedenburg"]
[Date "2013.02.15"]
[Round "1"]
[White "Aschl, Franz-Josef"]
[Black "Semmler, Dominik"]
[Result "1/2-1/2"]
[BlackElo "1631"]
[WhiteElo "1207"]

1.e4 c5 2.d4 cxd4 3.c3 Nf6 4.e5 Nd5 5.cxd4 Nc6 6.Nf3 d6 7.Bb5 Qa5+ 8.Nc3 Nxc3 9.Bxc6+
bxc6 10.Qd2 Bg4 11.Qxc3 Qxc3+ 12.bxc3 Bxf3 13.gxf3 dxe5 14.dxe5 e6 15.Be3 Ba3 16.Rb1
O-O 17.Ke2 Rfd8 18.Rhd1 Rd5 19.Rxd5 cxd5 20.Kd3 f6 21.f4 a5 22.Rb6 Kf7 23.Rb7+ Kg6
24.h4 Bf8 25.exf6 gxf6 26.h5+ Kxh5 27.Rxh7+ Kg6 28.Rb7 Ra6 29.a4   1/2-1/2

[Event "Oberbayerische Jugend-EM 2012/13  U16"]
[Site "Riedenburg"]
[Date "2013.02.15"]
[Round "1"]
[White "Walter, Tobias"]
[Black "Deppe, Richard"]
[Result "1-0"]
[BlackElo "1110"]
[WhiteElo "1593"]

1.d4 d5 2.Bf4 Nc6 3.e3 Nf6 4.Nf3 Bf5 5.a3 e6 6.c4 Be7 7.Nc3 a6 8.h3 dxc4 9.Bxc4 Rc8
10.O-O Bd6 11.Ne5 Bxe5 12.Bxe5 O-O 13.Bg3 Ne4 14.Nxe4 Bxe4 15.Rc1 Bd5 16.Bd3 Ne7
17.Re1 Bc6 18.Bh4 Qd7 19.Bxe7 Qxe7 20.Rc5 Rfd8 21.Qc2 g6 22.Be4 Bxe4 23.Qxe4 b6 24.Rc6
Rd6 25.Rec1 Rxc6 26.Qxc6 a5 27.e4 f6 28.d5 Re8 29.Qb7 exd5 30.Rxc7   1-0

[Event "Oberbayerische Jugend-EM 2012/13  U16"]
[Site "Riedenbrug"]
[Date "2013.02.15"]
[Round "1"]
[White "Butz, Björn"]
[Black "Wheeler, Sebastian"]
[Result "0-1"]
[BlackElo "1576"]
[WhiteElo "1047"]

1.d4 Nf6 2.c4 c5 3.d5 b5 4.b3 bxc4 5.bxc4 g6 6.Nc3 Bg7 7.Bb2 Qa5 8.Qa4 Qxa4 9.Nxa4
Na6 10.Nf3 d6 11.e4 Bd7 12.Nc3 Nxe4 13.Nxe4 Bxb2 14.Rb1 Bg7 15.Be2 Nb4 16.O-O Nxa2
17.Rb3 Nb4 18.Nc3 a6 19.Rc1 O-O 20.Ne1 Ra7 21.Nc2 Bxc3   0-1

[Event "Oberbayerische Jugend-EM 2012/13  U16"]
[Site "Riedenburg"]
[Date "2013.02.15"]
[Round "1"]
[White "Waller, Stefan"]
[Black "Schneider, Moritz"]
[Result "1-0"]
[BlackElo "927"]
[WhiteElo "1404"]

1.e4 e5 2.Nf3 Nc6 3.Bc4 Nf6 4.d3 Bc5 5.Bg5 O-O 6.Nc3 h6 7.Bh4 Bb4 8.O-O Bxc3 9.bxc3
d6 10.d4 Bg4 11.d5 Na5 12.Bd3 c6 13.c4 Rb8 14.h3 Bh5 15.Rb1 a6 16.g4 Bg6 17.Nh2 b5
18.cxb5 axb5 19.Qd2 cxd5 20.exd5 Nc4 21.Bxc4 Ne4 22.Qe3 Qxh4 23.Rxb5 Rxb5 24.Bxb5
Nf6 25.c4 Be4 26.Qg3 Qxg3+ 27.fxg3 Ra8 28.a4 Bc2 29.Ra1 Ne4 30.Nf1 Nc3 31.a5 Nxb5
32.cxb5 Bd3 33.b6 Ba6 34.Ne3 Rc8 35.Nf5 Rc5 36.Nxd6 Rxd5 37.b7 Bxb7 38.Nxb7 e4 39.a6
Re5 40.a7 Re8 41.a8=Q Rxa8 42.Rxa8+ Kh7 43.Re8 g6 44.Rxe4 h5 45.g5 Kg7 46.Nd6 f6
47.Re7+ Kf8 48.gxf6 h4 49.Re8#   1-0

[Event "Oberbayerische Jugend-EM 2012/13  U16"]
[Site "Riedenburg"]
[Date "2013.02.15"]
[Round "1"]
[White "Brandl, Tobias"]
[Black "Meier, Jonas"]
[Result "0-1"]
[BlackElo "1387"]
[WhiteElo "900"]

1.e4 c6 2.Nc3 d5 3.Bd3 d4 4.Nce2 Bg4 5.f3 Bh5 6.Ng3 Bg6 7.b3 e5 8.N1e2 Nf6 9.Bb2 Be7
10.c4 Nbd7 11.O-O Nc5 12.Qc2 O-O 13.b4 Nxd3 14.Qxd3 Bxb4 15.Ba3 Bxa3 16.Qxa3 d3 17.Nc1
Qd4+ 18.Kh1 Rfd8 19.Nb3 Qxc4 20.Na5 Qa6 21.Qc3 Re8 22.Rab1 Rab8 23.a3 Nd7 24.h3 c5
25.Nc4 b5 26.Ne3 c4 27.Nd5 Qd6 28.Nb4 Nc5 29.Rfe1 Qf6 30.Nd5 Qg5 31.Kh2 Nb3 32.Re3
h5 33.Nc7 Re7 34.Nd5 Rd7 35.Rf1 h4 36.Nf5 Bxf5 37.exf5 Rxd5 38.Rxe5 Qg3+ 39.Kg1 Qxe5
40.Qxe5 Rxe5   0-1

[Event "Oberbayerische Jugend-EM 2012/13  U16"]
[Site "Riedenburg"]
[Date "2013.02.16"]
[Round "2"]
[White "Meier, Jonas"]
[Black "Gauchel, Lorenz"]
[Result "0-1"]
[BlackElo "1634"]
[WhiteElo "1387"]

1.e4 Nf6 2.e5 Nd5 3.c4 Nb6 4.d4 d6 5.exd6 exd6 6.Nf3 Nc6 7.Nc3 Be7 8.Bd3 Bg4 9.Be3
Bf6 10.Be2 O-O 11.O-O Bxf3 12.Bxf3 Nxc4 13.Qb3 Nb6 14.Rad1 Re8 15.Qb5 Qd7 16.d5 Ne5
17.Bxb6 axb6 18.Qxd7 Nxd7 19.Ra1 Kf8 20.g3 Nc5 21.Rfd1 Na4 22.Nxa4 Rxa4 23.Rd2 b5
24.Be2 Ra5 25.Rc2 b4 26.Bc4 Rc5 27.Rac1 c6 28.dxc6 bxc6 29.a3 bxa3 30.bxa3 Ra8 31.Rd1
d5 32.Bb3 Rxc2 33.Bxc2 Rxa3 34.Rb1 Ra1 35.Kf1 Rxb1+ 36.Bxb1 g6 37.Ke2 Ke7 38.Kd3
Kd6 39.Bc2 c5 40.Ba4 Bd4 41.f3 Bg1 42.h3 c4+ 43.Kc3 Kc5 44.Be8 f6 45.Bf7 d4+ 46.Kc2
Bf2 47.g4 d3+ 48.Kc3 Be1+ 49.Kb2 Kd4 50.Kc1 c3 51.Kd1 c2+ 52.Kc1 Kc3 53.Ba2 d2# 
 0-1

[Event "Oberbayerische Jugend-EM 2012/13  U16"]
[Site "Riedenburg"]
[Date "2013.02.16"]
[Round "2"]
[White "Sextl, Florian"]
[Black "Walter, Tobias"]
[Result "0-1"]
[BlackElo "1593"]
[WhiteElo "864"]

1.e4 e6 2.Nc3 d5 3.d4 Nf6 4.Bg5 Be7 5.Bd3 a6 6.Bxf6 Bxf6 7.Nge2 Nc6 8.e5 Be7 9.Qd2
Nb4 10.a3 Nxd3+ 11.Qxd3 b5 12.b4 O-O 13.O-O-O c6 14.g3 a5 15.Na2 axb4 16.Nxb4 Bb7
17.f4 Qa5 18.c3 Qxa3+ 19.Kd2 Bxb4 20.cxb4 Qxb4+ 21.Ke3 Ra3 22.Qxa3 Qxa3+ 23.Rd3 Qe7
24.h4 Ra8 25.Kf2 c5 26.Rb1 c4 27.Rc3 b4 28.Rcc1 Ra2 29.Ke1 Qc7 30.Rxb4 Qa5 31.Rcb1
Ra4 32.Nc3 Rxb4 33.Rxb4 Qxb4 34.Ke2 Qxc3 35.g4 Qd3+ 36.Kf2 c3 37.f5 c2 38.fxe6 fxe6
39.g5 c1=R 40.Kg2 Rc2+ 41.Kg1 Qd1#   0-1

[Event "Oberbayerische Jugend-EM 2012/13  U16"]
[Site "Riedenburg"]
[Date "2013.02.16"]
[Round "2"]
[White "Wheeler, Sebastian"]
[Black "Waller, Stefan"]
[Result "0-1"]
[BlackElo "1404"]
[WhiteElo "1576"]

1.e4 e5 2.Nc3 Nc6 3.Nf3 Nf6 4.d4 exd4 5.Nxd4 Bb4 6.Nxc6 bxc6 7.Bg5 h6 8.Bd2 O-O 9.f3
d5 10.exd5 cxd5 11.a3 Re8+ 12.Ne2 Bc5 13.Bf4 Nh5 14.Bg3 Nxg3 15.hxg3 Qg5 16.g4 Ba6
17.Rh5 Qe3 18.Rxd5 Qf2+ 19.Kd2 Rad8 20.Rd3 Bxd3 21.cxd3 Rxd3+ 22.Kxd3 Rd8+ 23.Kc2
Rxd1 24.Rxd1 Bb6 25.Kb1 c5 26.Nc3 Qg3 27.Nd5 Qb8 28.Bc4 Qg3 29.Bf1 Qf2 30.Nf4 Ba5
31.Nd3 Qe3 32.Nc1 Bd2 33.Bc4 Qf4 34.Bf1 Qg5 35.Bc4 Bxc1 36.Rxc1 Kf8 37.Re1 f5 38.Be6
fxg4 39.Bxg4 Qd2 40.Rc1 Qxg2 41.Rxc5 g6 42.Ka2 h5 43.Bxh5 gxh5 44.Rxh5 Qxf3 45.Rb5
Qf7+ 46.Rb3 Ke8 47.Ka1 Qxb3   0-1

[Event "Oberbayerische Jugend-EM 2012/13  U16"]
[Site "Riedenburg"]
[Date "2013.02.16"]
[Round "2"]
[White "Semmler, Dominik"]
[Black "Butz, Björn"]
[Result "1-0"]
[BlackElo "1047"]
[WhiteElo "1631"]

1.d4 Nf6 2.c4 c5 3.d5 b5 4.cxb5 g6 5.Nc3 Bg7 6.e4 d6 7.Nf3 O-O 8.Be2 Bb7 9.O-O h6
10.Bf4 e5 11.dxe6 fxe6 12.Bxd6 Rf7 13.Ne5 Nxe4 14.Nxf7 Kxf7 15.Bxb8 Qxb8 16.Qd7+
Kf6 17.Nxe4+ Bxe4 18.Bd3 Bd5 19.a4 c4 20.Be2 Bf8 21.Bf3 Bxf3 22.gxf3 Bd6 23.h3 Qb6
24.Rae1 Be5 25.a5 Qxa5 26.f4 Bxf4 27.Rxe6+ Kg5 28.Qd5+ Kh4 29.Qxa8 Kxh3 30.Qf3+ 
 1-0

[Event "Oberbayerische Jugend-EM 2012/13  U16"]
[Site "Riedenburg"]
[Date "2013.02.16"]
[Round "2"]
[White "Sommer, Michael"]
[Black "Aschl, Franz-Josef"]
[Result "1-0"]
[BlackElo "1207"]
[WhiteElo "1276"]

1.d4 Nf6 2.c4 g6 3.Nc3 Bg7 4.Nf3 O-O 5.e3 d6 6.Bd2 Nbd7 7.Qc2 e5 8.Be2 Ne8 9.O-O f5
10.Rad1 f4 11.Rfe1 g5 12.dxe5 dxe5 13.exf4 exf4 14.h3 h6 15.Ne4 Nef6 16.Nxf6+ Qxf6
17.Bc3 Qf7 18.c5 Bxc3 19.Qxc3 Qf6 20.Qc2 Nb8 21.Rd2 Bf5 22.Qb3+ Kg7 23.Qxb7 Qc6 24.Qb4
a5 25.Qc3+ Qf6 26.Nd4 Bd7 27.Bf3 Ra6 28.Bb7 Ra7 29.c6 Re8 30.Rxe8 Bxe8 31.Ne6+ Kg6
32.Qxf6+ Kxf6 33.Nxc7 Bxc6 34.Bxc6 Rxc7 35.Bf3 Rc1+ 36.Kh2 Ra1 37.a3 Ke6 38.Rd8 Nd7
39.Bg4+ Ke5 40.Rxd7 Rf1 41.f3 Rf2 42.Rb7 Kd4 43.Rb5 Ke3 44.Re5+ Kd4 45.Rxa5 Rxb2
46.Ra6 Ke3 47.Bd7 Kf2 48.Bb5 Rxb5 49.Rxh6 Kf1 50.Rg6 Rd5 51.a4 Rc5 52.Rb6 Rc2 53.Rb1+
Kf2 54.Ra1 Rc8 55.Ra2+ Kf1 56.g3 Rc3 57.gxf4 gxf4 58.a5 Rxf3 59.a6 Rg3 60.a7 Rg8
61.a8=Q Rxa8 62.Rxa8 f3 63.Rf8 Kf2 64.h4 Ke3 65.Kg3 f2 66.Rxf2   1-0

[Event "Oberbayerische Jugend-EM 2012/13  U16"]
[Site "Ridenburg"]
[Date "2013.02.16"]
[Round "2"]
[White "Deppe, Richard"]
[Black "Brandl, Tobias"]
[Result "1-0"]
[BlackElo "900"]
[WhiteElo "1110"]

1.e4 e5 2.Nc3 Nc6 3.Nf3 Nf6 4.Bc4 Bb4 5.d3 h6 6.Bd2 O-O 7.O-O Bxc3 8.Bxc3 d5 9.exd5
Nxd5 10.Bxe5 Bg4 11.Bc3 Re8 12.h3 Nxc3 13.bxc3 Ne5 14.hxg4 Nxc4 15.dxc4 Qxd1 16.Raxd1
Rab8 17.Rfe1 a6 18.Rxe8+ Rxe8 19.Re1 Rd8 20.Nd4 g6 21.Nb3 b6 22.Re7 Rc8 23.a4 a5
24.c5 Kf8 25.Re4 g5 26.Rc4 Rb8 27.cxb6 cxb6 28.Rc6 b5 29.axb5 Rxb5 30.Ra6 Ke7 31.Rxa5
Rxa5 32.Nxa5 Kd6 33.Kf1 Kc5 34.Ke2 Kb5 35.Nb3 Kc4 36.Kd2 f6 37.Nd4 Kd5 38.Nf5 Ke6
39.Nxh6 Ke5 40.Kd3 Kd5 41.c4+ Kc5 42.c3 Kc6 43.Kd4 Kd6 44.c5+ Kc6 45.c4   1-0

[Event "Oberbayerische Jugend-EM 2012/13  U16"]
[Site "Riedenburg"]
[Date "2013.02.16"]
[Round "3"]
[White "Gauchel, Lorenz"]
[Black "Walter, Tobias"]
[Result "1/2-1/2"]
[BlackElo "1593"]
[WhiteElo "1634"]

1.d4 e6 2.Nf3 d5 3.c4 c6 4.Nc3 Nf6 5.Bg5 Nbd7 6.e3 Qa5 7.Nd2 Bb4 8.Qc2 Ne4 9.Ndxe4
dxe4 10.Bf4 O-O 11.Be2 f5 12.O-O Nf6 13.Rac1 Rd8 14.Rfd1 Bxc3 15.Qxc3 Qxc3 16.Rxc3
Bd7 17.Kf1 Be8 18.Rc2 Rd7 19.Rcd2 Rad8 20.Ke1 Bf7 21.Bg5 Kf8 22.f3 h6 23.Bxf6 gxf6
24.fxe4 fxe4 25.Bg4 f5 26.Be2 Ke7 27.g4 Rg8 28.gxf5 Rg1+ 29.Kf2 Rxd1 30.Rxd1 exf5
  1/2-1/2

[Event "Oberbayerische Jugend-EM 2012/13  U16"]
[Site "Riedenburg"]
[Date "2013.02.16"]
[Round "3"]
[White "Waller, Stefan"]
[Black "Semmler, Dominik"]
[Result "0-1"]
[BlackElo "1631"]
[WhiteElo "1404"]

1.e4 c5 2.Nf3 Nc6 3.d4 cxd4 4.Nxd4 Nf6 5.Nc3 e5 6.Nf3 Bb4 7.Bd3 d5 8.exd5 Nxd5 9.Bd2
Bxc3 10.bxc3 O-O 11.O-O Bg4 12.h3 Bh5 13.c4 Nf6 14.Bg5 h6 15.Bxf6 Qxf6 16.Be2 Rad8
17.Qe1 Bg6 18.Qc3 Nd4 19.Nxd4 Rxd4 20.Rad1 Re8 21.Qe3 Re4 22.Qd2 Bf5 23.Bd3 Rd4 24.Qe3
Red8 25.f4 e4 26.Be2 Rxd1 27.Rxd1 Rxd1+ 28.Bxd1 Qa1 29.Qd4 $4 Qxd4+   0-1

[Event "Oberbayerische Jugend-EM 2012/13  U16"]
[Site "Riedenburg"]
[Date "2013.02.16"]
[Round "3"]
[White "Deppe, Richard"]
[Black "Wheeler, Sebastian"]
[Result "0-1"]
[BlackElo "1576"]
[WhiteElo "1110"]

1.e4 e5 2.Nf3 Nc6 3.Bc4 Nf6 4.Nc3 Bc5 5.d3 h6 6.O-O d6 7.Be3 Bb6 8.h3 Be6 9.Bd5 Bxd5
10.Nxd5 O-O 11.Qd2 Nxd5 12.exd5 Ne7 13.c4 c6 14.dxc6 bxc6 15.b4 Bxe3 16.Qxe3 Qb6
17.Qxb6 axb6 18.a4 Ra7 19.Ra2 Rfa8 20.Rfa1 f6 21.Nd2 d5 22.Nb3 b5 23.cxb5 cxb5 24.a5
Nc6 25.Rd2 Nxb4 26.Rc1 Na6 27.Rdc2 d4 28.Kf1 Nb4 29.Rc8+ Kf7 30.Rxa8 Rxa8 31.Rc5
Rb8 32.Ke2 Na2 33.a6 b4 34.Rc7+ Kg6 35.Rb7 Ra8 36.a7 Nc3+ 37.Kd2 Na4 38.Rb8 Rxa7
39.Rxb4 Nc3 40.Nc1 Na2 41.Rb2 Nxc1 42.Kxc1 Ra1+ 43.Rb1 Rxb1+ 44.Kxb1 f5 45.Kc2 e4
46.Kd2 Kf6 47.Ke2 g5 48.Kd2 Ke5 49.Ke2 h5 50.g3 g4 51.h4 f4 52.Kd2 fxg3 53.fxg3 e3+
54.Ke2 Kd5 55.Kd1 Kc5 56.Kc1 Kb4 57.Kc2 Ka3   0-1

[Event "Oberbayerische Jugend-EM 2012/13  U16"]
[Site "Riedenburg"]
[Date "2013.02.16"]
[Round "3"]
[White "Schneider, Moritz"]
[Black "Meier, Jonas"]
[Result "1/2-1/2"]
[BlackElo "1387"]
[WhiteElo "927"]

1.e4 c6 2.d4 d5 3.exd5 cxd5 4.Nf3 Nc6 5.Bb5 Nf6 6.Nc3 g6 7.Bf4 Bg7 8.Be5 O-O 9.Bxc6
bxc6 10.O-O Bb7 11.Re1 Rc8 12.Qd2 Qd7 13.Na4 e6 14.Qb4 Ba8 15.Qd6 Qxd6 16.Bxd6 Rfe8
17.Be5 Ne4 18.Nc5 Nxc5 19.Bxg7 Kxg7 20.dxc5 Re7 21.c3 Bb7 22.b4 Ba6 23.a3 Rb7 24.h3
Bc4 25.Nd2 Bb5 26.Nb3 a6 27.Rec1 Ra7 28.a4 Bc4 29.Na5 Bd3 30.c4 Re7 31.Ra3 dxc4 32.Nxc4
Bxc4 33.Rxc4 Ra7 34.Rb3   1/2-1/2

[Event "Oberbayerische Jugend-EM 2012/13  U16"]
[Site "Riedenburg"]
[Date "2013.02.16"]
[Round "3"]
[White "Sommer, Michael"]
[Black "Sextl, Florian"]
[Result "1-0"]
[BlackElo "864"]
[WhiteElo "1276"]

1.d4 d5 2.c4 Nf6 3.Nc3 Nc6 4.Nf3 b6 5.Bf4 e6 6.e3 Ba6 7.Qa4 Bb7 8.Rc1 a6 9.Qd1 Bd6
10.Bxd6 Qxd6 11.Bd3 Nb4 12.O-O Nxd3 13.Qxd3 O-O 14.Ne5 c5 15.Rfd1 dxc4 16.Qxc4 Bd5
17.Qe2 b5 18.f4 b4 19.dxc5 Qxc5 20.Nxd5 Qd6 21.Nxf6+ gxf6 22.Rxd6 fxe5 23.fxe5 a5
24.Rf1 Rac8 25.Rd7 a4 26.Qg4+ Kh8 27.Rfxf7 Rxf7 28.Rxf7 Rc1+ 29.Kf2 Rc2+ 30.Kf3 b3
31.Qg7#   1-0

[Event "Oberbayerische Jugend-EM 2012/13  U16"]
[Site "Riedenburg"]
[Date "2013.02.16"]
[Round "3"]
[White "Aschl, Franz-Josef"]
[Black "Brandl, Tobias"]
[Result "1-0"]
[BlackElo "900"]
[WhiteElo "1207"]

1.e4 e5 2.Nf3 Nc6 3.d4 exd4 4.Nxd4 Bc5 5.Be3 b6 6.Nxc6 dxc6 7.Qxd8+ Kxd8 8.Bxc5 bxc5
9.Nc3 Nf6 10.O-O-O+ Bd7 11.Bc4 Ke7 12.f3 Rhd8 13.Rhe1 Kf8 14.e5 Nh5 15.Ne4 Bf5 16.Nxc5
Rxd1+ 17.Rxd1 Nf4 18.g3 Ng2 19.Bd3 Ne3 20.Bxf5 Nxf5 21.e6 Nd6 22.Na6 Ne8 23.Rd7 fxe6
24.Nxc7 Nxc7 25.Rxc7 a5 26.Rxc6 Kf7 27.Kd2 Rd8+ 28.Ke3 Rd5 29.c4 Re5+ 30.Kd3 h6 31.Rc7+
Kf6 32.c5 Rd5+ 33.Kc3 g6 34.a3 g5 35.b4 axb4+ 36.axb4 Re5 37.Kd4 Rd5+ 38.Kc4 Ke5
39.b5 Rd4+ 40.Kc3 Kd5 41.Rd7+   1-0

[Event "Oberbayerische Jugend-EM 2012/13  U16"]
[Site "Riedenburg"]
[Date "2013.02.17"]
[Round "4"]
[White "Semmler, Dominik"]
[Black "Gauchel, Lorenz"]
[Result "1/2-1/2"]
[BlackElo "1634"]
[WhiteElo "1631"]

1.d4 d5 2.c4 e6 3.Nc3 Nf6 4.cxd5 exd5 5.Bg5 Be7 6.e3 O-O 7.Qc2 c6 8.Bd3 h6 9.Bf4 Bg4
10.f3 Be6 11.g4 Nfd7 12.O-O-O Na6 13.Nge2 Nb4 14.Qb1 c5 15.h4 Nxd3+ 16.Qxd3 c4 17.Qc2
a6 18.g5 h5 19.g6 f5 20.Ng3 Nf6 21.Bg5 Qd6 22.Nxf5 Bxf5 23.Qxf5 Rad8 24.Bxf6 Rxf6
25.Qxh5 Rxg6 26.Nxd5 Rh6 27.Nxe7+ Qxe7 28.Qg5 Qd6 29.Rdg1 Rd7 30.Rg4 c3 31.bxc3 Qa3+
32.Kd2 Qb2+ 33.Kd3 Rc6 34.c4 Qxa2 35.Rc1 Qb3+ 36.Ke4 Re6+ 37.Kf4 Qxe3+ 38.Kg3 Qxg5
39.hxg5 Red6 40.d5 Rc7 41.Re4 Rxd5 42.cxd5 Rxc1   1/2-1/2

[Event "Oberbayerische Jugend-EM 2012/13  U16"]
[Site "Riedenburg"]
[Date "2013.02.17"]
[Round "4"]
[White "Walter, Tobias"]
[Black "Waller, Stefan"]
[Result "1-0"]
[BlackElo "1404"]
[WhiteElo "1593"]

1.d4 d5 2.Bf4 Nf6 3.e3 e6 4.Nf3 Bd7 5.Nbd2 c5 6.c3 Nc6 7.h3 Be7 8.Bd3 Rc8 9.O-O O-O
10.Re1 cxd4 11.exd4 Qb6 12.Qb3 Qxb3 13.axb3 a6 14.b4 Na7 15.Nb3 Nb5 16.Nc5 Bxc5 17.bxc5
Bc6 18.Ne5 Rfd8 19.Nxc6 Rxc6 20.Bxb5 axb5 21.Ra5 b6 22.Rxb5 bxc5 23.Rxc5 Ra6 24.f3
h6 25.b4 g5 26.b5 Ra2 27.Bc7 Rc8 28.Be5 Rxc5 29.dxc5 Nd7 30.c6 Nb6 31.Bc7 Na8 32.b6
Rb2 33.Ra1   1-0

[Event "Oberbayerische Jugend-EM 2012/13  U16"]
[Site "Riedenburg"]
[Date "2013.02.17"]
[Round "4"]
[White "Wheeler, Sebastian"]
[Black "Sommer, Michael"]
[Result "1/2-1/2"]
[BlackElo "1276"]
[WhiteElo "1576"]

1.e4 d6 2.Nf3 Nf6 3.Nc3 Bg4 4.Be2 e5 5.d3 Be7 6.Be3 O-O 7.h3 Be6 8.d4 exd4 9.Nxd4
Nbd7 10.Nxe6 fxe6 11.Bc4 d5 12.exd5 exd5 13.Nxd5 Kh8 14.Nxe7 Qxe7 15.O-O Rad8 16.Qe2
Rfe8 17.Rfe1 Qb4 18.c3 Qf8 19.Rad1 Re7 20.Bb3 Nc5 21.Rxd8 Qxd8 22.Rd1 Qe8 23.Qc2
Nxb3 24.Qxb3 b6 25.Rd3 h6 26.Qd1 Qb5 27.b3 Qa6 28.Rd8+ Kh7 29.Qd3+ Qxd3 30.Rxd3 Ne4
31.g3 Kg6 32.Kg2 Nd6 33.Bf4 Nf7 34.h4 Kf6 35.Rf3 Kg6 36.a4 Nd8 37.g4 Nc6 38.h5+ Kh7
39.g5 hxg5 40.Bxg5 Re5 41.Bf4 Rxh5 42.Rh3 Rxh3 43.Kxh3 Na5 44.b4 Nc4 45.Bxc7 Nb2
46.a5 bxa5 47.Bxa5 a6 48.Bb6 Kg6 49.Kg4 Kf7 50.Bd4 g6 51.Kg5 Nc4 52.Kf4 Ke6 53.Ke4
Nb2 54.Kf4 Nc4 55.Kg4 Ke7 56.Kg5 Kf7 57.Kf4   1/2-1/2

[Event "Oberbayerische Jugend-EM 2012/13  U16"]
[Site "Riedenburg"]
[Date "2013.02.17"]
[Round "4"]
[White "Meier, Jonas"]
[Black "Aschl, Franz-Josef"]
[Result "1/2-1/2"]
[BlackElo "1207"]
[WhiteElo "1387"]

1.e4 e6 2.d4 d5 3.exd5 exd5 4.Nf3 Nf6 5.Bg5 c6 6.Nbd2 Bg4 7.Be2 Nbd7 8.O-O Bd6 9.c4
Qc7 10.c5 Bf4 11.Re1 O-O 12.Bxf4 Qxf4 13.Nb3 Ne4 14.h3 Bf5 15.Qc1   1/2-1/2

[Event "Oberbayerische Jugend-EM 2012/13  U16"]
[Site "Riedenburg"]
[Date "2013.02.17"]
[Round "4"]
[White "Sextl, Florian"]
[Black "Schneider, Moritz"]
[Result "1/2-1/2"]
[BlackElo "927"]
[WhiteElo "864"]

1.e4 e5 2.Nc3 Nf6 3.f4 d5 4.fxe5 Nxe4 5.Nxe4 dxe4 6.Bc4 Qg5 7.Qe2 Qxe5 8.d3 Bf5 9.Nf3
Bb4+ 10.Nd2 Bxd2+ 11.Bxd2 Qxb2 12.O-O Qb6+ 13.Be3 Qg6 14.dxe4 Be6 15.Bxe6 Qxe6 16.Bd4
O-O 17.Rab1 Nc6 18.Bc5 Rfe8 19.Qf2 b6 20.Ba3 Rad8 21.Rb3 Rd7 22.Bb2 Red8 23.Rg3 Ne5
24.Bxe5 Qxe5 25.Rd3   1/2-1/2

[Event "Oberbayerische Jugend-EM 2012/13  U16"]
[Site "Riedenburg"]
[Date "2013.02.17"]
[Round "4"]
[White "Butz, Björn"]
[Black "Deppe, Richard"]
[Result "1-0"]
[BlackElo "1110"]
[WhiteElo "1047"]

1.d4 d5 2.c4 e6 3.Nf3 Bd7 4.Qb3 Bc6 5.Ne5 Qd6 6.e3 Qb4+ 7.Bd2 Qxb3 8.axb3 f6 9.Nxc6
Nxc6 10.cxd5 exd5 11.Bb5 Nge7 12.Nc3 a6 13.Ba4 Rd8 14.b4 b5 15.Bb3 Nxb4 16.O-O c6
17.Nxb5 axb5 18.Bxb4 Nf5 19.Bxf8 Kxf8 20.Ra7 Rc8 21.g4 Nh4 22.Rc1 h5 23.Bxd5 hxg4
24.Rf7+ Kg8 25.Rxf6+ Kh7 26.Rfxc6 Ra8 27.Be4+ g6 28.Rc7+   1-0

[Event "Oberbayerische Jugend-EM 2012/13  U16"]
[Site "Riedenburg"]
[Date "2013.02.17"]
[Round "5"]
[White "Gauchel, Lorenz"]
[Black "Wheeler, Sebastian"]
[Result "1/2-1/2"]
[BlackElo "1576"]
[WhiteElo "1634"]

1.d4 Nf6 2.Nf3 d5 3.c4 e6 4.Nc3 Be7 5.Bg5 h6 6.Bh4 b6 7.cxd5 Nxd5 8.Bxe7 Nxe7 9.e3
O-O 10.Be2 Bb7   1/2-1/2

[Event "Oberbayerische Jugend-EM 2012/13  U16"]
[Site "Riedenburg"]
[Date "2013.02.17"]
[Round "5"]
[White "Sommer, Michael"]
[Black "Meier, Jonas"]
[Result "1/2-1/2"]
[BlackElo "1387"]
[WhiteElo "1276"]

1.d4 c6 2.c4 d5 3.Nc3 Nf6 4.e3 g6 5.Nf3 Bg7 6.Bd3 O-O 7.O-O Re8 8.Re1 Nbd7 9.Bd2 e5
10.dxe5 Nxe5 11.Nxe5 Rxe5 12.Ne2 Ne4 13.Bxe4 Rxe4 14.cxd5 cxd5   1/2-1/2

[Event "Oberbayerische Jugend-EM 2012/13  U16"]
[Site "Riedenburg"]
[Date "2013.02.17"]
[Round "5"]
[White "Waller, Stefan"]
[Black "Butz, Björn"]
[Result "1/2-1/2"]
[BlackElo "1047"]
[WhiteElo "1404"]

1.e4 e6 2.d4 d5 3.exd5 exd5 4.Bd3 c5 5.c3 Nc6 6.Nf3 Bg4 7.Be3 cxd4 8.cxd4 Qb6 9.Qd2
Bb4 10.Nc3 Bxf3 11.gxf3 Nxd4 12.Bxd4 Qxd4 13.Bb5+ Kf8 14.Qxd4 Be7 15.Qxd5 Rb8 16.Bc4
Ke8 17.Kd2 Rd8 18.Qxd8+ Bxd8   1/2-1/2

[Event "Oberbayerische Jugend-EM 2012/13  U16"]
[Site "Riedenburg"]
[Date "2013.02.17"]
[Round "5"]
[White "Schneider, Moritz"]
[Black "Aschl, Franz-Josef"]
[Result "1-0"]
[BlackElo "1207"]
[WhiteElo "927"]

1.e4 e6 2.d4 d5 3.Nc3 Nf6 4.Bg5 Be7 5.Bd3 dxe4 6.Nxe4 Nxe4 7.Bxe7 Nxf2 8.Bxd8 Nxd1
9.Rxd1 Kxd8 10.Bc4 Re8 11.Nf3 f6 12.O-O Ke7 13.Rfe1 Kf8 14.Re2 Nc6 15.Rde1 a5 16.d5
Na7 17.dxe6 b5 18.e7+ Rxe7 19.Rxe7 bxc4 20.Re8+ Kf7 21.R1e7+ Kg6 22.Rxc7 Kf5 23.Rxc4
Bb7 24.Rxa8 Bxa8 25.Rc5+ Kg6 26.Rxa5 Bxf3 27.gxf3 Nc6 28.Rd5 Nb4 29.Rd1 Nxc2 30.a4
Ne3 31.Rc1 Nd5 32.a5 Nb4 33.Ra1 Na6 34.Rc1 Kf7 35.Rc6 Nb8 36.Rb6 Nd7 37.Rb7 Ke6 38.Rxd7
Kxd7 39.b4 Kc6 40.Kg2 g5 41.Kg3 h5 42.h4 Kb5 43.Kh3 Kc6 44.a6 Kb6 45.b5 Ka7 46.Kg3
Kb6 47.hxg5 fxg5 48.f4 h4+ 49.Kg4 gxf4 50.Kxh4 f3 51.Kg3 f2 52.Kxf2 Ka7 53.Ke3 Kb6
54.Kd4 Ka7 55.Kc5 Kb8 56.Kc6 Ka8 57.Kc7 Ka7 58.b6+ Ka8 59.b7+   1-0

[Event "Oberbayerische Jugend-EM 2012/13  U16"]
[Site "Riedenburg"]
[Date "2013.02.17"]
[Round "5"]
[White "Brandl, Tobias"]
[Black "Sextl, Florian"]
[Result "1/2-1/2"]
[BlackElo "864"]
[WhiteElo "900"]

1.e4 e5 2.Nf3 Nc6 3.d4 d6 4.dxe5 dxe5 5.Qxd8+ Nxd8 6.Nxe5 Nf6 7.Nc3 Bc5 8.Bf4 c6 9.Bd3
O-O 10.O-O a6 11.Na4 Bd4 12.h3 b5 13.Nc3 Bb7 14.Rab1 Ne6 15.Bg3 Nc5   1/2-1/2